00277nam a2200121Ia 4500008004100000041001200041082001600053100001200069245002600081260002800107300000800135650001200143221030s9999 xx 000 0 und d aEnglish a105.23bCoo aR. Cook 0aAbductioncby R. Cook bJaico Pub,aDelhic2000 a409 aGeneral